• 首页
  • 本馆介绍
  • 公告通知
  • 最新文献
  • 馆藏检索
  • 电子资源
  • 读者导购
  • 参考咨询
  • 我的图书馆
  • 登录
  • 详细信息显示
  • 放入我的书架
  • 预约/预借图书
  • 作者相关作品
  • 分类相关作品
  • 丛书相关作品
  • 出版社相关作品

书目信息

  • 表格格式
  • 工作单格式
  • 卡片格式
题名:
草莓高效栽培
    
 
作者: 杨雷 , 杨莉 主编
分册:  
出版信息: 北京   机械工业出版社  2021.3
页数: 182页
开本: 21cm
丛书名:
单 册:
中图分类: S668.4
科图分类:
主题词: 草莓--果树园艺
电子资源:
ISBN: 978-7-111-46898-1
000 00900nam0 2200253 45
001 012001002430
005 20140914100527.0
010    @a978-7-111-46898-1@dCNY25.00
100    @a20140905d2014 em y0chiy50 ea
101 0  @achi
102    @aCN@b110000
105    @aa z 000yy
106    @ar
200 1  @a草莓高效栽培@Acao mei gao xiao zai pei@b专著@f杨雷,杨莉主编
210    @a北京@c机械工业出版社@d2021.3
215    @a182页@c图@d21cm
300    @a高效种植致富直通车 双色印刷
330    @a本书介绍了草莓栽培的关键技术环节,主要包括草莓生产中主栽的优良品种、草莓的育苗技术、植株管理技术、水肥管理技术、温湿度调控技术、病虫害防控技术及采收、包装、运输等内容。
606 0  @a草莓@x果树园艺
690    @aS668.4@v5
701  0 @a杨雷@Ayang lei@c(草莓种植,@f1978 )@4主编
701  0 @a杨莉@Ayang li@c(女,果树栽培)@4主编
801  0 @aCN@bBJSDL@c20211011
905    @b1339696-9@dS668.4@e682@f4
    
    草莓高效栽培/杨雷,杨莉主编.-北京:机械工业出版社,2021.3
    182页:图;21cm
    高效种植致富直通车 双色印刷
    
    ISBN 978-7-111-46898-1:CNY25.00
    本书介绍了草莓栽培的关键技术环节,主要包括草莓生产中主栽的优良品种、草莓的育苗技术、植株管理技术、水肥管理技术、温湿度调控技术、病虫害防控技术及采收、包装、运输等内容。
●
相关链接 在E读中查询图书 在五车中查询图书 在当当中查询图书 在豆瓣中查询图书


正题名:草莓高效栽培     索取号:S668.4/682         预约/预借

序号 登录号 条形码 馆藏地/架位号 状态 备注
1 1339696   213396966   第二样本阅览室/ [索取号:S668.4/682] 在馆    
2 1339697   213396975   第三借阅区/ [索取号:S668.4/682] 在馆    
3 1339698   213396984   第三借阅区/ [索取号:S668.4/682] 在馆    
4 1339699   213396993   第三借阅区/ [索取号:S668.4/682] 在馆    
唐山师范学院图书馆 欢迎您!
大连网信软件有限公司© 版权所有